000 00380nam a2200169Ia 4500
008 160803s9999 xx 000 0 und d
020 _a0 439692598
100 _aGallogly, Ruth
245 _aYummy boy /
260 _aNew York :
260 _bScholastic Inc.
260 _c2004
300 _a24 pages :
300 _billustrations :
300 _c20 cm.
700 _a510
999 _c298814
_d298814